| 000 | 02786nam0a2200421 4500 | ||
|---|---|---|---|
| 001 | v19\rc\1414297 | ||
| 005 | 20260407060625.0 | ||
| 035 | _a(NLR Aleph) 005223500 | ||
| 090 |
_a5529935 _c5529935 |
||
| 100 | _a20060512f18801889|||y0rusy50 ca | ||
| 101 | 0 | _arus | |
| 102 | _aRU | ||
| 105 | _ay z ||||| | ||
| 200 | 1 | _aЗаписка сенатора А. Половцова по обозрению делопроизводства Киевского губернского правления | |
| 210 |
_a[Санкт-Петербург _cб. и. _d188-?] |
||
| 215 |
_a51 с. _d34 |
||
| 309 | _aБез тит. л. и обл. | ||
| 309 | _aНа 1-й с. под текстом: 6-32 | ||
| 316 |
_aЭкз РНБ на шифре 18.63.1.44 вплетен в конволют с загл. корешка: Материалы Высочайше учрежденной Особой комиссии для составления проектов местного управления. 2. По сенаторской ревизии. 3. Записки сенатора Половцова. Ч. 1; экз. на шифре 134/1240(2) (6) вплетен в конволют с загл. корешка: Труды комиссии Каханова. 2 _5NLR |
||
| 516 | 1 | _aМатериалы Высочайше учрежденной Особой комиссии для составления проектов местного управления. II. По сенаторской ревизии. 3. Записки сенатора Половцова. Ч. 1 | |
| 516 | 1 | _aТруды комиссии Каханова. 2 | |
| 600 | 1 |
_aПоловцов _bА. А. _f1832 - 1909 _gАлександр Александрович _jДокументы и материалы _92193856 _3RU\NLR\AUTH\6601554166 |
|
| 606 | 1 |
_aДелопроизводство _jДокументы и материалы _xИстория _yРоссия _92313049 _3RU\NLR\AUTH\661384231 |
|
| 606 | 1 |
_aГубернское управление _jДокументы и материалы _xДелопроизводство _yРоссия _92467732 _3RU\NLR\AUTH\6601683020 |
|
| 686 | 3 | _aУ21(28)286,011 | |
| 686 | 3 | _aХ819(2)011.21-8,011 | |
| 686 | 3 | _aХ891.9(2)111.6,011 | |
| 700 | 1 |
_8rus _7ca _aПоловцов _bА. А. _f1832-1909 _gАлександр Александрович _3RU\NLR\AUTH\771365 _9111391 |
|
| 712 | 0 | 2 |
_aКиевское губ. правление _3RU\NLR\AUTH\8810027487 _9553424 |
| 801 | 0 |
_aRU _bNLR _c20060512 _gpsbo |
|
| 801 | 0 |
_aRU _bRuMoRGB _c20060512 _2psbo |
|
| 801 | 1 |
_aRU _bProSoft-M _c20060512 _2rusmarc |
|
| 801 | 2 |
_aRU _bNLR _c20071227 _2rusmarc |
|
| 852 |
_aNLR _j134/1240(2) (6) |
||
| 852 |
_aNLR _j18.63.1.44 |
||
| 942 | _cBOOK | ||
| 980 | _aNB | ||